Los orígenes del pensamiento griego

Guardat en:
Dades bibliogràfiques
Autor principal: Vernant, Jean-Pierre (Autor)
Format: Llibre
Idioma:espanyol
Publicat: Buenos Aires EUDEBA 1970
Edició:2a. ed
Col·lecció:Lectores. Filosofía
Matèries:
Etiquetes: Afegir etiqueta
Sense etiquetes, Sigues el primer a etiquetar aquest registre!

MARC

LEADER 00000nam a2200000 a 4500
001 UCP1263
003 CL-VaPUC
008 990401e19700000AG |||||||||||||||||spa|d
082 0 4 |a 180.938  |b VER  |2 21 
100 0 |a Vernant, Jean-Pierre  |e author  |9 427208 
245 1 4 |a Los orígenes del pensamiento griego 
250 |a 2a. ed 
300 |a 107 p 
942 |c BK 
945 |d 19990401 00:00:00  |a lazolas 
260 |a Buenos Aires  |b EUDEBA  |c 1970 
650 0 |a Filosofía griega  |9 265579 
650 0 |a Escuelas filosóficas   |9 266232 
650 0 |a Historia  |9 255047 
650 0 |a Cosmogonía   |9 268652 
583 |a last modification  |c 19990401 00:00:00  |k Rodrigo Vera 
490 0 |a Lectores. Filosofía 
999 |c 279961  |d 279959 
952 |0 0  |1 0  |4 0  |6 180_938000000000000_VER_1970  |7 0  |8 A  |9 319905  |a BIBHIS  |b BIBHIS  |d 2019-11-20  |i 133199K  |o 180.938 VER 1970  |p 133199K  |r 2025-01-20  |w 2019-11-20  |y BK  |k HIS